000 00324nam a22001337a 4500
008 180904b xxu||||| |||| 00| 0 eng d
020 _a9783131663719
041 _aeng
080 _a617
100 _a8
101 O _aORT
245 _aManual of Soft-Tissue Management in Orthopaedic Trauma
_cVolgas, D.A
942 _2udc
_cBK
999 _c47495
_d47495